01027nam a2200217Ia 4500003000900000008004100009020001800050040001600068080002400084111012800108245024800236260004900484300002300533650002800556650003600584700003100620700003300651942000700684999001700691952010100708IN-BaIIA211028s9999 xx 000 0 eng d a0-89766-805-7 cIIA Library a524.834(082.1)bREL aTexas Symposium TEXAS/PASCOS 92 on Relativistic Astrophysics and pticle Cosmologyn16thcCaliforniad1992 Dec. 13-18919552 0aRelativistic Astrophysics and pticle cosmologybproceedings of the 16th Texas Symposium TEXAS/PASCOS 92 on Relativistic Astrophysics and pt.icle cosmology, held in California, U.S.A., 13-18 Dec 1992cedited by C. W Akerlof and M. A. Srednicki aNew YorkbNew York Academy of Sciencesc1993 a[various pagings.] apticle cosmology919553 aRelativistic Astrophysics96801 aAkerlof, C. W., ed.919554 aSrednicki, M. A., ed.919555 cBK c11368d11368 00104070aBANbBANcGENd1995-09-25l0o524.834(082.1)/ RELp12283r2021-11-05w1995-09-25yBK